Kleine Universitätsgeschichte Greifswald
| Titel: | Kleine Universitätsgeschichte Greifswald / von Hannelore Kuna |
|---|---|
| Verfasser: | |
| Ausgabe: | 2., veränderte und erweiterte Auflage |
| Veröffentlicht: | Grambin : Haff-Verlag, [2018] |
| Umfang: | 116 Seiten : Illustrationen ; 15 cm |
| Format: | Buch |
| Sprache: | Deutsch |
| Andere Ausgaben: |
Erscheint auch als Online-Ausgabe: Kuna, Hannelore. Kleine Universitätsgeschichte Greifswald. - Grambin : Haff, 2018. - Online-Ressource
|
| ISBN: | 9783942916011 ; 3942916010 |
| Hinweise zum Inhalt: |
Inhaltsverzeichnis
|
alg: 44535349 001A $06000:14-02-19 001B $06000:28-02-19 $t19:30:45.000 001D $06000:28-02-19 001U $0utf8 001X $00 002@ $0Aax 002C $aText $btxt $2rdacontent 002D $aohne Hilfsmittel zu benutzen $bn $2rdamedia 002E $aBand $bnc $2rdacarrier 003@ $044535349X 004A $A978-3-942916-01-1 $fBroschur : EUR 9.90 (DE), EUR 10.20 (AT) 004A $03-942916-01-0 004K $09783942916011 006C $01079558576 $aOCoLC 006G $01173105964 006H $0TOCNEUA1907 $2DNB 006T $018,N51 006U $019,A09 $f20181210 007A $01173105964 $aDNB 009P $qapplication/pdf $A2 $3Inhaltsverzeichnis $uhttp://d-nb.info/1173105964/04 $mB:DE-101 010@ $ager 010E $erda 011@ $a2018 $n[2018] 017A $asf 021A $aKleine Universitätsgeschichte Greifswald $hvon Hannelore Kuna 028A $BVerfasser $4aut $8Kuna, Hannelore [Tp3] $9445018828 032@ $a2., veränderte und erweiterte Auflage 033A $pGrambin $01065362528 $nHaff-Verlag 034D $a116 Seiten 034I $a15 cm 034M $aIllustrationen 039D $aErscheint auch als $tKleine Universitätsgeschichte Greifswald $dGrambin $eHaff $f2018 $g2. erweiterte Auflage $hOnline-Ressource $lKuna, Hannelore $nOnline-Ausgabe 044K $qDNB $RPreußische Universität zu Greifswald $RUniversität Greifswald $#EMAU $#Arndt-Universität $#Preußische Ernst-Moritz-Arndt-Universität $#Ernst Moritz Arndt University $#Universität Greifswald Ernst-Moritz-Arndt-Universität Greifswald $#Univ. Greifswald $#Université de Greifswald $#University of Greifswald $#Uniwersytet w Greifswaldzie $#EMAUG $#Ernst-Moritz-Arndt-Universität $736158-6 $8Ernst-Moritz-Arndt-Universität Greifswald [Tb1] $9040365921 045E $c370 045F $a378.431783 $eDDC23ger 045F/01 $a378 045F/03 $g431783 045G $a378.431783 $eDDC22ger 045G/01 $a378 045G/03 $g431783 045R $aGeschichte lok: 44535349 78 exp: 44535349 78 1 #EPN 201B/01 $022-01-20 $t10:30:52.000 201C/01 $022-01-20 201U/01 $0utf8 203@/01 $01076611710 208@/01 $a22-01-20 $be 209A/01 $a/ $f000 $x00 209A/01 $ab*p $x01 220C/01 $apgar 244Z/01 $#Pommern $#Pommern $#Herzogtum Pommern $#Herzogthum Pommern $#Provinz Pommern $#Pomorze $74046744-2 $8--Tg1--Pommern $x01 $9085130354 247C/01 $82080>Marburg/Lahn, Herder-Institut, Forschungsbibliothek, Bibliographieportal $9336309341
| LEADER | 00000cam a22000002c 4500 | ||
|---|---|---|---|
| 001 | 44535349X | ||
| 003 | DE-603 | ||
| 005 | 20190228193045.0 | ||
| 007 | tu | ||
| 008 | 190214s2018 xx |||| | u00||u|ger | ||
| 015 | |a 19,A09 |z 18,N51 |2 dnb | ||
| 016 | 7 | |2 DE-101 |a 1173105964 | |
| 020 | |a 9783942916011 |c Broschur : EUR 9.90 (DE), EUR 10.20 (AT) | ||
| 020 | |a 3942916010 | ||
| 024 | 3 | |a 9783942916011 | |
| 035 | |a (DE-599)DNB1173105964 | ||
| 040 | |a DE-603 |b ger |c DE-603 |d DE-603 |e rda | ||
| 041 | |a ger | ||
| 082 | 0 | 4 | |8 1\u |a 378.431783 |q DE-101 |2 23/ger |
| 083 | 0 | |8 2\u |a 378.431783 |q DE-101 |2 22/ger | |
| 084 | |a 370 |q DE-101 |2 sdnb | ||
| 085 | |8 1\u |b 378 | ||
| 085 | |8 1\u |z 2 |s 431783 | ||
| 085 | |8 2\u |b 378 | ||
| 085 | |8 2\u |z 2 |s 431783 | ||
| 090 | |a b | ||
| 100 | 1 | |a Kuna, Hannelore |e Verfasser |4 aut |0 (DE-603)445018828 |0 (DE-588)1177746271 |2 gnd | |
| 245 | 0 | 0 | |a Kleine Universitätsgeschichte Greifswald |c von Hannelore Kuna |
| 250 | |a 2., veränderte und erweiterte Auflage | ||
| 264 | 1 | |a Grambin |b Haff-Verlag |c [2018] | |
| 300 | |a 116 Seiten |b Illustrationen |c 15 cm | ||
| 336 | |a Text |b txt |2 rdacontent | ||
| 337 | |a ohne Hilfsmittel zu benutzen |b n |2 rdamedia | ||
| 338 | |a Band |b nc |2 rdacarrier | ||
| 610 | 1 | 7 | |a Ernst-Moritz-Arndt-Universität Greifswald |2 gnd |0 (DE-588)36158-6 |0 (DE-603)040365921 |
| 648 | 7 | |a Geschichte |2 gnd | |
| 776 | 0 | 8 | |i Erscheint auch als |n Online-Ausgabe |a Kuna, Hannelore |t Kleine Universitätsgeschichte Greifswald |b 2. erweiterte Auflage |d Grambin : Haff, 2018 |h Online-Ressource |
| 856 | 4 | 2 | |m B:DE-101 |q application/pdf |u http://d-nb.info/1173105964/04 |3 Inhaltsverzeichnis |
| 924 | 0 | |9 2080 |a (DE-603)1076611710 |b DE-2080 |c HES |d d |g / | |


